1169 1454 1475 1397 1291 1867 1652 1435 1607 1010 1465 1820 1682 1281 1236 1300 1228 1057 1376 1317 1902 1593 1897 1106 1105 1563 1511 1401 1010 1561 1232 1653 1615 1164 1163 1659 1667 1619 1279 1067 1843 1956 1012 1547 1039 1269 1969 1731 1631 1574 1377 1860 1485 1607 1204 1149 1304 1402 1461 1339 1057 1772 1529 1609 1398 1955 1417 1820 1294 1667 1099 1546 1922 1720 1898 1884 1667 1981 1157 1355 1774 1331 1124 1093 1576 1918 1577 1079 1411 1881 1859 1264 1419 1720 1836 1132 1385 1801 1613 BCNSPRNW ULIB Ver.6.0+V

เปลี่ยนเป็นภาษาไทย

Change to English
 แสดงรายละเอียดบรรณานุกรม
  กลับหน้าหลัก

Brief Record : Get Marc (ISO 2709) : E-mail record : QR code < ปิดหน้าต่าง
LEADER : 00000nam 2200000uu 4500
001    13399119956
003     ULIB
008    020711s2551 th a 000 0 tha d
020    9789740423409
090    นว.^bล266พ
100    ลานไพลิน
245    พยับเมฆ ลายหมอก/^cลานไพลิน
260    กรุงเทพฯ :^bสถาพรบุ๊คส์,^c2551
945    ^p180^l0^i15039
999    ^aทศพร เกษรทอง
รายการนี้ยังไม่มีแท็ก
คุณยังไม่ได้ล็อกอิน คุณสามารถมีกิจกรรมร่วมกับเว็บไซต์ได้ แต่ต้องล็อกอินก่อน ::
  ล็อกอิน

รายการสื่อสารสนเทศ

ลำดับที่ ประเภท เลขเรียก/บาร์โค้ด สถานที่ สถานะ
1. นวนิยาย
นวนิยาย
นว. ล266พ ฉ.1 
  Barcode: 15039
ห้องสมุดวิทยาเขตสวรรค์ประชารักษ์
►นวนิยาย
บนชั้น
  ขอยืม

BibComment


ยังไม่เคยถูกคอมเมนท์

คอมเมนท์ทรัพยากรรายการนี้
  คอมเมนท์: พยับเมฆ ลายหมอก ล..


 Copyright 2026. Bcnsprnw @Library